00423 2200169 4500001002100000005001500021008004100036020001800077035001900095041000700114082001500121090002100136245003100157260003500188300001800223650001200241INLIS00000000001290020241224114443241224||||||||| | ||| |||| || |  a979-426-242-0 0010-1224012900 aid0 a398.204 21 a398.204 21 OLD t00aTHE OLD WIDOW AND THE FISH aJakartabRosda Jayaputrac1994 a64hlm;15x21cm 0afolklor